00546nam a2200181Ia 450000500170000000800410001702000150005808200130007310000140008624500530010026000530015330000120020665000140021865000120023294200060024495200990025099900150034920240605053810.0240331s9999 xx 000 0 und d a0761995471 bCLAa370 aClarke, P 0aTeaching and learning :bthe culture of pedagogy aNew DelhibSage Publications India Pvt Ltdc2001 a223 p., aEducation aCulture cL 001040708LaWERCLbWERCLcSSCd2024-03-31l0o 370.954 CLAp4545r2024-03-31w2024-03-31yL c2937d2937